000 00595nam a2200193Ia 4500
005 20250923145149.0
008 008 250917s9999 xx 000 0 eng d
037 _aTextual
040 _aDSWL
_beng
_cDSWL
041 _aeng
_2eng
084 _aY:1:7.2, N68
_qDSWL
100 _aSekhar, M.C.
_9832422
245 0 _aSocial change in India First Decade of Planning
_cby M.C. Sekhar
260 _aPoona
_bDeccan College Postgraduate an Research Institute
_c1968
365 _aINR
_b15.00
925 _g15.00
942 _cTEXL
_hY:1:7.2, N68
999 _c1447927
_d1447927